| 000 | 00865cam a2200217 4500 | ||
|---|---|---|---|
| 001 | ABS60858 | ||
| 008 | 000000n1999 000 0 eng u | ||
| 035 | _a(Sirsi) u101369 | ||
| 100 | _aNelson, R. | ||
| 245 | _aWhy keep doing things by the book? | ||
| 260 | _c1999 | ||
| 490 |
_aProperty Week _v64(25) 25 June 1999, 8(1) |
||
| 520 | _aA private property group, Rotch, has abandoned use of the RICS Red Book as a basis for valuing its portfolio, and switched to a method refined by an actuarial firm, William M Mercer. The approach uses the concept of 'embedded value', and employs discounted cash flow calculations. | ||
| 650 | _aRICS APPRAISAL AND VALUATION MANUAL | ||
| 650 | _aDISCOUNTED CASH FLOW | ||
| 650 | _aOPEN MARKET VALUE | ||
| 650 | _aVALUATION TECHNIQUES | ||
| 650 | _aPROPERTY PORTFOLIOS | ||
| 690 | _aRATING AND VALUATION | ||
| 942 | _n0 | ||
| 999 |
_c60513 _d60513 |
||